Guerra de Baja Intensidad : Reagan Contra Centroamérica /

Enregistré dans:
Détails bibliographiques
Auteur principal: Bermúdez, Lilia (autor)
Format: Livre
Langue:espagnol
Collection:(Sociología y Política)
Sujets:
Tags: Ajouter un tag
Pas de tags, Soyez le premier à ajouter un tag!

MARC

LEADER 00000nam^a2200000^a^4500
001 000073212
005 20250521000000.0
009 20260310091620.841
020 |a 968-23-1416-X 
037 |a Acervo ITESO - Biblioteca 
041 |a ESP 
082 |a 320. 9728  |b BER 
100 |a Bermúdez, Lilia  |e (autor) 
245 1 0 |a Guerra de Baja Intensidad :  |b Reagan Contra Centroamérica /  |c L. Bermúdez. 
264 |a México :  |b Siglo XXI,  |c 1987 
300 |a 229 p. 
336 |a texto  |b txt  |2 rdacontenido 
337 |a sin mediación  |b n  |2 rdamedio 
338 |a volumen  |b nc  |2 rdasoporte 
440 1 |a (Sociología y Política) 
649 |a XX 
650 |a Política -  |z América Central 
650 |a Contrarrevolución -  |z América Central 
650 |a Imperialismo -  |z EUA 
650 |a Política Exterior -  |z EUA 
910 |a Fondo Armando Suárez Gómez 
920 |a Impresos - Libros 
930 |a Fondos Especiales 
905 |a 111 
901 |a 0700004161  |b IT2  |c ESP  |u 20250521 
902 |a https://opac.biblio.iteso.mx/vufind/Record/000073212